000 00650cam a2200229 4500
001 ABS62274
008 000000n2000 000 0 eng u
035 _a(Sirsi) u106023
245 _aCost model
260 _c2000
490 _aBuilding
_v265(8135) 5 May 2000, 54-61(8)
520 _aExamines the design, specification and costs of urban multi-plexes
590 _aABS
650 _aCOST MODELS
650 _aMULTIPLEX CINEMAS
650 _aBUILT ENVIRONMENT-CONSTRUCTION DESIGN-ACOUSTICS
650 _aMEANS OF ESCAPE
650 _aProcurement-old
650 _aCINEMAS
690 _aBUILT ENVIRONMENT-BUILDING COSTS
942 _n0
999 _c63502
_d63502